| 000 | 00560nam a2200193 i 4500 | ||
|---|---|---|---|
| 001 | 24004 | ||
| 003 | ES-MaACL | ||
| 005 | 20230906152954.0 | ||
| 007 | t| | ||
| 008 | 021213s1911 fr ||||1| fre d | ||
| 100 | 1 |
_aThomas, André. _9133219 |
|
| 245 | 1 | 3 |
_aLa fonction cérébelleuse / _cpar Andre-Thomas. |
| 260 |
_aParis : _bOctave Doin, _c1911 ( _fImp. Réunies) |
||
| 300 |
_a330 p. : _bil. ; _c19 cm. |
||
| 490 | 1 | _aEncyclopédie scientifique | |
| 830 | 0 |
_aEncyclopédie scientifique _9180883 |
|
| 852 |
_aES-MaACL _jD-4311 |
||
| 999 |
_c24004 _d24004 |
||